| 000 | 00740cpmaa2200229 4500 | ||
|---|---|---|---|
| 001 | mm 79000507 | ||
| 003 | DLC | ||
| 005 | 20260227111632.0 | ||
| 008 | 790403|||||||||||| eng | ||
| 010 | _amm 79000507 | ||
| 040 |
_aDLC _cDLC _edacs _dDLC |
||
| 072 | 7 |
_aW _2lcmd |
|
| 100 | 1 |
_aClark, Alexander, _d1834-1879. |
|
| 245 | 0 | 0 |
_aAlexander Clark correspondence, _f1869. |
| 300 |
_a1 _fitem. |
||
| 506 | 0 | _aOpen to research. | |
| 545 | 0 | _aMethodist clergyman. | |
| 546 | _aCollection material in English. | ||
| 580 | _aForms part of: Miscellaneous Manuscripts collection. | ||
| 656 | 7 |
_aClergy. _2itoamc |
|
| 999 |
_c40441 _d40441 |
||